000
00286nam a2200109Ia 4500
008
230907s9999||||xx |||||||||||||| ||und||
082
_a
621.4021
_b
REI
100
_a
Reisel, John R.,
_9
19194
245
0
_a
Principles of engineering thermodynamics /
300
_a
463 pages :
942
_c
BK
999
_c
600718
_d
600718